Statistics for Aladdin Sane - David Bowie

Click here to take the quiz!

General Stats

  • This quiz has been taken 7 times
  • The average score is 9 of 10

Answer Stats

Answer% Correct
Aladdin Sane (1913-1917-197?)
100%
Cracked Actor
100%
Panic in Detroit
100%
Watch That Man
100%
Lady Grinning Soul
86%
The Jean Genie
86%
Time
86%
Drive-In Saturday
71%
Let's Spend the Night Together
71%
The Prettiest Star
71%

Score Distribution

Percentile by Number Answered

Percent of People with Each Score

Your Score History

You have not taken this quiz